[Event "AUTO-OPEN-2461"]
[Site "http://www.queenalice.com/game.php?id=978771"]
[Date "2011.8.30"]
[Round "1"]
[White "clovis"]
[Black "alex1234"]
[Result "1-0"]
[WhiteElo "2064"]
[BlackElo "1509"]

1. e4 c5 2. Nf3 d6 3. d4 cxd4 4. Qxd4 Nc6 5. Bb5 Bd7 6. Qd3 Nf6 7. O-O g6 8. Nc3
Bg7 9. Bg5 O-O 10. e5 Nxe5 11. Nxe5 Bxb5 12. Qxb5 dxe5 13. Rad1 Qc7 14. Rfe1 Ng4
15. h3 f6 16. Rd7 Qc6 17. hxg4 fxg5 18. Rxe7 Qxb5 19. Nxb5 e4 20. c3 a6 21. Nc7
Rad8 22. Rxg7+ Kxg7 23. Ne6+ Kf7 24. Nxg5+ Kg8 25. Nxe4 Rfe8 26. Nf6+ Kf7 27.
Nxe8 Rxe8 28. Rxe8 Kxe8 29. f4 Ke7 30. Kf2 Ke6 31. Ke3 Kd5 32. b3 b5 33. f5 Ke5
34. c4 gxf5 35. cxb5 axb5 36. gxf5 h5 37. a4 1-0

[Event "AUTO-OPEN-2464"]
[Site "http://www.queenalice.com/game.php?id=980202"]
[Date "2011.9.2"]
[Round "1"]
[White "jajerduco"]
[Black "alex1234"]
[Result "1-0"]
[WhiteElo "1593"]
[BlackElo "1640"]

1. d4 Nf6 2. Nf3 e6 3. g3 d5 4. Bg2 b6 5. O-O Bd6 6. Ne5 Bb7 7. Bg5 Nbd7 8. Bf4
O-O 9. Nd2 Nh5 10. e3 Nxf4 11. exf4 c5 12. Nxd7 Qxd7 13. Nf3 Rac8 14. c3 cxd4
15. Qxd4 Bc5 16. Ne5 Qb5 17. c4 Bxd4 18. cxb5 Bxb2 19. Rab1 Bxe5 20. fxe5 Rc2
21. a4 Rfc8 22. Bf3 R8c4 23. Bd1 Ra2 24. Bb3 Rcxa4 25. Bxa4 Rxa4 26. Rfd1 d4 27.
Rbc1 g6 28. Rc7 Bd5 29. f4 Ra2 30. Rxd4 Rg2+ 31. Kf1 Ra2 32. h4 h5 33. Rc8+ Kg7
34. Rb4 Rg2 35. Ra4 Rxg3 36. Rxa7 Rf3+ 37. Ke2 Rxf4 38. Rd8 Re4+ 39. Kd3 Rxe5
40. Rdd7 Rf5 41. Rd6 Rf4 42. Rxb6 Rxh4 43. Rd6 Bc4+ 44. Kc3 Bxb5 45. Rb7 Ba4 46.
Rd8 1-0

[Event "AUTO-OPEN-2464"]
[Site "http://www.queenalice.com/game.php?id=980203"]
[Date "2011.9.2"]
[Round "1"]
[White "alex1234"]
[Black "jajerduco"]
[Result "1-0"]
[WhiteElo "1568"]
[BlackElo "1690"]

1. d4 f5 2. c4 g6 3. Nf3 Bg7 4. Nc3 Nf6 5. g3 d5 6. Bg2 e6 7. Bg5 Nbd7 8. Ne5
Qe7 9. cxd5 Nxe5 10. dxe5 Qb4 11. exf6 Bf8 12. Qa4+ Qxa4 13. Nxa4 Kf7 14. Nc5
Bxc5 15. O-O h6 16. Bd2 Kxf6 17. dxe6 Kxe6 18. Rac1 Bb6 19. Bf4 c6 20. Rfd1 Rd8
21. Bxh6 Bd7 22. Bg5 Rh8 23. Rd2 Rh5 24. h4 Ba5 25. Rd3 Rc8 26. Rcd1 Rc7 27. Bf4
Rc8 28. Rxd7 Bb4 29. Rxb7 a5 30. Rdd7 c5 31. Rd6# 1-0

[Event "AUTO-OPEN-2464"]
[Site "http://www.queenalice.com/game.php?id=980224"]
[Date "2011.9.2"]
[Round "1"]
[White "PawnOne"]
[Black "alex1234"]
[Result "1-0"]
[WhiteElo "1940"]
[BlackElo "1732"]

1. e4 c5 2. Nf3 d6 3. d4 cxd4 4. Nxd4 Nf6 5. Nc3 a6 6. Be3 e6 7. Be2 Be7 8. O-O
O-O 9. a3 Nbd7 10. Nf3 b5 11. Bd3 Bb7 12. Qe2 Rc8 13. Bd2 Nc5 14. b4 Nxd3 15.
cxd3 d5 16. e5 Nd7 17. d4 Nb6 18. Rac1 Nc4 19. Bf4 Nxa3 20. Na2 Nc4 21. Nd2 Qb6
22. Be3 Rc7 23. Nf3 Rfc8 24. h3 h6 25. Rc3 a5 26. Rb3 axb4 27. Nxb4 Nxe3 28.
Qxe3 Bxb4 29. Rxb4 Rc3 30. Qe2 Rc2 31. Qd3 R8c3 32. Qxb5 Qxb5 33. Rxb5 Ba6 34.
Rb8+ Kh7 35. Ra1 1-0

[Event "AUTO-OPEN-2464"]
[Site "http://www.queenalice.com/game.php?id=980225"]
[Date "2011.9.2"]
[Round "1"]
[White "alex1234"]
[Black "PawnOne"]
[Result "0-1"]
[WhiteElo "1744"]
[BlackElo "1932"]

1. d4 d5 2. c4 dxc4 3. Nf3 Nf6 4. Nc3 Bg4 5. e3 Nc6 6. Bxc4 e6 7. h3 Bh5 8. Be2
Bb4 9. O-O O-O 10. a3 Bd6 11. Qc2 a6 12. Rd1 b5 13. Nxb5 axb5 14. Qxc6 b4 15.
Bd2 bxa3 16. bxa3 Rxa3 17. Rxa3 Bxa3 18. e4 Qd6 19. Qxd6 cxd6 20. Ra1 Bb2 21.
Ra2 Bxf3 22. Bxf3 Bxd4 23. Bb4 Bc5 24. Bc3 e5 25. g4 Rc8 26. Bd2 h6 27. Kg2 Rd8
28. g5 hxg5 29. Bxg5 Rc8 30. Bxf6 gxf6 31. Bg4 Rb8 32. Bf5 Rd8 33. Rd2 Kf8 34.
Rb2 Kg7 0-1

[Event "Challenge"]
[Site "http://www.queenalice.com/game.php?id=980929"]
[Date "2011.9.3"]
[Round "-"]
[White "ettorekasparov"]
[Black "alex1234"]
[Result "0-1"]
[WhiteElo "1313"]
[BlackElo "1702"]

1. e3 Nf6 2. b4 e5 3. Nf3 e4 4. Ng5 h6 5. Nh3 Bxb4 6. a3 Ba5 7. Ra2 d5 8. Qe2
Bg4 9. Qb5+ Nc6 10. Qxb7 Ne5 11. Bb5+ Nfd7 12. Qxd5 O-O 13. Bb2 Be6 14. Qxe5
Nxe5 15. Bxe5 Bxa2 16. Nc3 Bxc3 17. Bxc3 Rb8 18. a4 Be6 19. Nf4 a6 20. Bc6 Rb1+
21. Ke2 Rxh1 22. Bxe4 Rxh2 23. d4 g5 24. Nh5 Rxh5 25. Kf3 f5 26. Bb7 Bd5+ 27.
Ke2 Bxb7 28. f3 Re8 29. g4 fxg4 30. fxg4 Rh2+ 31. Kd3 Be4+ 32. Kc4 Qd5+ 33. Kb4
Rb8+ 34. Ka3 Rxc2 35. a5 Qb3# 0-1

[Event "AUTO-INT-2139"]
[Site "http://www.queenalice.com/game.php?id=982930"]
[Date "2011.9.8"]
[Round "1"]
[White "alex1234"]
[Black "EduardoObjetivo"]
[Result "1-0"]
[WhiteElo "1431"]
[BlackElo "1421"]

1. d4 Nf6 2. c4 g6 3. Nc3 Bg7 4. e4 d6 5. f3 O-O 6. Be3 a6 7. Qd2 c6 8. h4 b5 9.
cxb5 axb5 10. g4 h6 11. Bxh6 Bxh6 12. Qxh6 b4 13. Nce2 b3 14. a3 Ra4 15. h5 e6
16. hxg6 fxg6 17. Qxg6# 1-0

[Event "AUTO-INT-2139"]
[Site "http://www.queenalice.com/game.php?id=982931"]
[Date "2011.9.8"]
[Round "1"]
[White "EduardoObjetivo"]
[Black "alex1234"]
[Result "0-1"]
[WhiteElo "1507"]
[BlackElo "1702"]

1. d4 Nf6 2. c4 e6 3. Nc3 Bb4 4. Bd2 c5 5. dxc5 Nc6 6. e4 O-O 7. Bd3 Qa5 8. Qa4
Bxc3 9. Qxa5 Bxa5 10. Bxa5 Nxa5 11. Ne2 b6 12. b4 Nc6 13. b5 Nb4 14. Bb1 bxc5
15. O-O a6 16. e5 Ng4 17. Be4 Rb8 18. a3 Nxe5 19. f4 Nxc4 20. axb4 Rxb5 21. Bd3
Rxb4 22. Rac1 Ne3 23. Rf3 Nd5 24. Rxc5 Bb7 25. Rf1 g6 26. g4 Ne3 27. Rf3 Bxf3
28. Ng3 Nxg4 29. h3 Nf6 30. Bxa6 Ne4 31. Nxe4 Bxe4 0-1

[Event "AUTO-INT-2139"]
[Site "http://www.queenalice.com/game.php?id=982932"]
[Date "2011.9.8"]
[Round "1"]
[White "alex1234"]
[Black "marison"]
[Result "0-1"]
[WhiteElo "1500"]
[BlackElo "1624"]

1. d4 d5 2. c4 Nf6 3. Nc3 dxc4 4. Nf3 Bg4 5. e3 Be6 6. e4 c6 7. Bxc4 Bxc4 8. Bg5
h6 9. Bh4 Qb6 10. b3 Ba6 11. Ne5 Nbd7 12. Nc4 Qb4 13. Qd3 Nb6 14. Bxf6 exf6 15.
d5 cxd5 16. exd5 Bxc4 17. bxc4 Bc5 18. O-O O-O 19. Ne4 Qxc4 20. Qxc4 Nxc4 21.
Rfc1 Bd4 22. Rab1 Nb6 0-1

[Event "AUTO-INT-2139"]
[Site "http://www.queenalice.com/game.php?id=982933"]
[Date "2011.9.8"]
[Round "1"]
[White "marison"]
[Black "alex1234"]
[Result "0-1"]
[WhiteElo "1659"]
[BlackElo "1509"]

1. e4 c5 2. Bc4 e6 3. Nc3 a6 4. a4 Nc6 5. d3 g6 6. Nf3 Bg7 7. Bd2 Nge7 8. O-O
O-O 9. e5 Nxe5 10. Nxe5 Bxe5 11. Qe2 Qc7 12. g3 d5 13. Bb3 b6 14. Qf3 Bb7 15.
Bh6 d4 16. Ne4 Bxe4 17. dxe4 Bg7 18. Bg5 Nc6 19. c3 dxc3 20. bxc3 Ne5 21. Qe3 c4
22. Bc2 Ng4 23. Qe2 h5 24. f3 Qc5+ 25. Kg2 Qxg5 26. fxg4 Qxg4 27. Qxg4 hxg4 28.
Ra3 Rfd8 29. Rd1 Rxd1 30. Bxd1 f5 31. exf5 gxf5 32. Be2 Kf7 33. Bxc4 Ke7 34. Kf2
Kd6 35. Ke3 a5 36. Kd3 Kc5 37. Bxe6 Rd8+ 38. Ke3 Re8 0-1

[Event "AUTO-INT-2139"]
[Site "http://www.queenalice.com/game.php?id=982934"]
[Date "2011.9.8"]
[Round "1"]
[White "alex1234"]
[Black "kadu10"]
[Result "0-1"]
[WhiteElo "1588"]
[BlackElo "1738"]

1. d4 d5 2. c4 dxc4 3. Nc3 c6 4. Nf3 a6 5. a4 b5 6. axb5 cxb5 7. Nxb5 Bb7 8. Nc3
Bxf3 9. exf3 e6 10. Bxc4 Nc6 11. Be3 Rb8 12. Rxa6 Nge7 13. b3 g6 14. O-O Bg7 15.
Ne4 O-O 16. Qe2 Nxd4 17. Bxd4 Qxd4 18. Rd1 Qe5 19. Ra7 Nc6 20. Ra6 Nd4 21. Qe3
Rfd8 22. Rda1 Nc2 23. Qc1 Nxa1 0-1

[Event "AUTO-INT-2139"]
[Site "http://www.queenalice.com/game.php?id=982935"]
[Date "2011.9.8"]
[Round "1"]
[White "kadu10"]
[Black "alex1234"]
[Result "0-1"]
[WhiteElo "1767"]
[BlackElo "1716"]

1. e4 c5 2. Nc3 Nc6 3. Bb5 Nd4 4. Ba4 a6 5. d3 b5 6. Bb3 Bb7 7. Bd5 Bxd5 8. Nxd5
e6 9. Ne3 d5 10. exd5 exd5 11. Nf3 Nf6 12. O-O Be7 13. Re1 O-O 14. Nxd4 cxd4 15.
Nf5 Bc5 16. a3 Re8 17. b4 Bb6 18. Bb2 Qd7 19. Nxd4 Rac8 20. Rxe8+ Rxe8 21. Qd2
Bxd4 22. Bxd4 Qf5 23. Bxf6 Qxf6 24. d4 Re4 25. c3 Qc6 26. Re1 Qe6 27. Rxe4 Qxe4
28. Kf1 Qb1+ 29. Qe1 Qd3+ 30. Kg1 g6 31. h3 h5 32. Qe8+ Kg7 33. Qe5+ Kg8 34.
Qe8+ Kg7 35. Qe5+ f6 36. Qe7+ Kh6 37. Qe3+ Qxe3 38. fxe3 Kg5 39. g3 Kf5 40. Kf2
Ke4 41. Ke2 g5 42. h4 g4 43. Kf2 Kd3 44. e4 Kxe4 45. Ke2 f5 46. Kf2 Kd3 47. Ke1
Kxc3 48. Ke2 Kxd4 0-1

[Event "Challenge"]
[Site "http://www.queenalice.com/game.php?id=983876"]
[Date "2011.9.11"]
[Round "-"]
[White "Huxley"]
[Black "alex1234"]
[Result "1-0"]
[WhiteElo "1820"]
[BlackElo "1696"]

1. e4 c5 2. Nf3 d6 3. d4 cxd4 4. Nxd4 Nf6 5. Nc3 a6 6. Be2 e5 7. Nf3 Be6 8. O-O
Be7 9. Nd5 Bxd5 10. exd5 Nbd7 11. Bg5 O-O 12. Bc4 b5 13. Bb3 Nc5 14. c4 Nfe4 15.
Bxe7 Qxe7 16. cxb5 axb5 17. Bc2 Nf6 18. b4 Nce4 19. Bxe4 Nxe4 20. Qd3 Nf6 21.
Qxb5 Rfb8 22. Qc4 Rc8 23. Qb3 Qb7 24. Rfd1 Rc5 25. h3 Nxd5 26. a3 Nf4 27. Rab1
Rc3 28. Qb2 Rcxa3 29. g3 Rxf3 30. gxf4 Rxh3 31. Kf1 Rh1+ 32. Ke2 Qe4+ 33. Kd2
Qxf4+ 34. Ke2 Qe4+ 35. Kd2 Rxd1+ 36. Rxd1 Rc8 37. Qa2 Qxb4+ 38. Ke2 e4 39. Kf1
Qc4+ 40. Qxc4 Rxc4 41. Rxd6 f5 42. Rd8+ Kf7 43. Rd7+ Kg6 44. Rd6+ Kg5 45. Rd7
Kg6 46. Rd6+ Kg5 47. Rd7 1-0

[Event "Challenge"]
[Site "http://www.queenalice.com/game.php?id=990451"]
[Date "2011.9.27"]
[Round "-"]
[White "Admilton"]
[Black "alex1234"]
[Result "1-0"]
[WhiteElo "1548"]
[BlackElo "1556"]

1. Nf3 Nf6 2. d4 e6 3. e3 b6 4. a3 Bb7 5. Nc3 d5 6. Bd3 Bd6 7. Ng5 Nbd7 8. e4
dxe4 9. Ngxe4 Nxe4 10. Nxe4 Be7 11. Qg4 O-O 12. Bh6 Bf6 13. Ng3 Re8 14. Nh5 g6
15. Ng3 Nf8 16. Ne2 Bg7 17. Bg5 1-0

[Event "AUTO-ADV-2318"]
[Site "http://www.queenalice.com/game.php?id=1000047"]
[Date "2011.10.22"]
[Round "1"]
[White "alex1234"]
[Black "Enxadrista_A"]
[Result "0-1"]
[WhiteElo "1682"]
[BlackElo "1883"]

1. d4 Nf6 2. c4 d6 3. Nc3 g6 4. e4 Bg7 5. f3 Nbd7 6. Be3 O-O 7. Qd2 e5 8. d5 Nb6
9. h4 Nh5 10. Nge2 Nxc4 11. Qd3 Nxe3 0-1

[Event "AUTO-ADV-2318"]
[Site "http://www.queenalice.com/game.php?id=1000048"]
[Date "2011.10.22"]
[Round "1"]
[White "Enxadrista_A"]
[Black "alex1234"]
[Result "1-0"]
[WhiteElo "1891"]
[BlackElo "1673"]

1. e4 c5 2. Nf3 d6 3. d4 cxd4 4. Nxd4 Nf6 5. Nc3 a6 6. Bg5 e6 7. Be2 Be7 8. O-O
Nbd7 9. f4 Qc7 10. Qd2 b5 11. a3 Bb7 12. Bd3 1-0